Direct tax law and practice 2019-20 Ed 40 (Record no. 170125)
[ view plain ]
| 000 -LEADER | |
|---|---|
| fixed length control field | 00588nam a2200217Ia 4500 |
| 003 - CONTROL NUMBER IDENTIFIER | |
| control field | OSt |
| 005 - DATE AND TIME OF LATEST TRANSACTION | |
| control field | 20230615114259.0 |
| 008 - FIXED-LENGTH DATA ELEMENTS--GENERAL INFORMATION | |
| fixed length control field | 210423s2019 xx 000 0 und d |
| 020 ## - INTERNATIONAL STANDARD BOOK NUMBER | |
| International Standard Book Number | 978-93-83866-49-6 |
| 040 ## - CATALOGING SOURCE | |
| Transcribing agency | AL |
| 041 ## - LANGUAGE CODE | |
| Language code of text/sound track or separate title | eng |
| 082 ## - DEWEY DECIMAL CLASSIFICATION NUMBER | |
| Classification number | 657.46 |
| Edition number | 23 |
| Item number | MEHD |
| 100 ## - MAIN ENTRY--PERSONAL NAME | |
| Personal name | MEHROTRA (H C);GOYAL (S P) |
| 9 (RLIN) | 92359 |
| 245 ## - TITLE STATEMENT | |
| Title | Direct tax law and practice 2019-20 Ed 40 |
| 260 ## - PUBLICATION, DISTRIBUTION, ETC. | |
| Place of publication, distribution, etc. | Agra |
| Name of publisher, distributor, etc. | Sahitya Bhawan Publications |
| Date of publication, distribution, etc. | 2019 |
| 300 ## - PHYSICAL DESCRIPTION | |
| Extent | 890,xvi |
| Other physical details | PB |
| 365 ## - TRADE PRICE | |
| Price amount | 695 |
| Currency code | INR |
| 650 ## - SUBJECT ADDED ENTRY--TOPICAL TERM | |
| Topical term or geographic name entry element | Income Tax |
| 9 (RLIN) | 92360 |
| 906 ## - LOCAL DATA ELEMENT F, LDF (RLIN) | |
| a | 40 ; Direct ; law ; practice ; tax |
| 942 ## - ADDED ENTRY ELEMENTS (KOHA) | |
| Source of classification or shelving scheme | Dewey Decimal Classification |
| Koha item type | Book |
| Withdrawn status | Lost status | Damaged status | Not for loan | Collection code | Home library | Current library | Date acquired | Source of acquisition | Cost, normal purchase price | Total Checkouts | Full call number | Barcode | Date last seen | Price effective from | Koha item type | Date last checked out |
|---|---|---|---|---|---|---|---|---|---|---|---|---|---|---|---|---|
| M Com | St Aloysius PG Library | St Aloysius PG Library | 06/22/2019 | Biblios Book Point | 695.00 | 657.46 MEHD | PG016627 | 08/24/2022 | 04/26/2021 | Book | ||||||
| M Com | St Aloysius PG Library | St Aloysius PG Library | 06/22/2019 | Biblios Book Point | 695.00 | 657.46 MEHD | PG016628 | 08/24/2022 | 04/26/2021 | Book | ||||||
| M Com | St Aloysius PG Library | St Aloysius PG Library | 06/22/2019 | Biblios Book Point | 695.00 | 657.46 MEHD | PG016629 | 08/24/2022 | 04/26/2021 | Book | ||||||
| M Com | St Aloysius PG Library | St Aloysius PG Library | 06/22/2019 | Biblios Book Point | 695.00 | 1 | 657.46 MEHD | PG016630 | 11/21/2022 | 04/26/2021 | Book | 11/12/2022 | ||||
| M Com | St Aloysius PG Library | St Aloysius PG Library | 06/22/2019 | Biblios Book Point | 695.00 | 657.46 MEHD | PG016631 | 08/24/2022 | 04/26/2021 | Book |